01015nas a2200301 4500001001300000003000900013005001700022007000300039008003400042040005400076041000900130072000800139100001800147100002100165100001900186100002000205100002200225100002500247100002200272100002100294245011700315246010900432650001100541650001100552650002700563650001200590773011100602BR2012002524BR-BrBNA20231205120410.0ta230509b bl.|||p| |||| 00| 00por d aBR-BrBNAbporcBiblioteca Nacional de Agricultura a(Pt) aL741 aBarbosa, J.D.1 aSousa, M.G.S. de1 aTokarnia, C.H.1 aBrito, M. de F.1 aReis, A. dos S.B.1 aBomjardim, H. dos A.1 aLopes, C.T. de A.1 aOliveira, C.M.C.1 aQuadro clínico-patológico do envenenamento crotálico experimental em bubalinos comparando com o de bovinos1 aComparison between the clinical and pathological picture in the experimental poisoning by crotalic venom aBOVINO aBUFALO aINTOXICAÇÃO ANIMAL aSINTOMA0 tPesquisa Veterinária Brasileira (Brazil)xISSN 0100-736Xg(Nov 2011), v. 31(11) p. 967-973wBR2012002524